Statistiques concernant Gares de la Meurthe et Moselle

Cliquez ici pour prendre le quiz!

Statistiques générales

  • Ce quiz a été pris 88 fois
    (79 depuis la dernière actualisation)
  • Le résultat moyen est 16 sur 47

Statistiques - réponses

Nombre de voyageursGares% Correct
898 730Lunéville
96%
7 582 349Nancy
92%
46 822Frouard
83%
251 538Toul
81%
246 147Blainville - Damelevières
79%
983 306Pont à Mousson
79%
337 660Pagny sur Moselle
69%
540 474Longwy
67%
32 184Jarville la Malgrange
63%
45 700Longuyon
63%
292 272Varangéville - Saint Nicolas
58%
11 239Champigneulles
52%
68 591Pompey
50%
27 533Liverdun
46%
17 438Ludres
40%
109 715Dieulouard
38%
17 978Marbache
35%
23 040Belleville
33%
6 689Houdemont
31%
20 336Neuves Maisons
31%
6 514Vandières
31%
116 842Baccarat
29%
105 949Conflans - Jarny
29%
275 229Dombasle sur Meurthe
27%
175 444Rosières aux Salines
25%
5 740Onville
23%
33 019Pont Saint Vincent
23%
131 165Bayon
21%
15 265Messein
21%
24 874Saint Clément - Laronxe
19%
7 761Foug
17%
9 556Laneuville Devant Nancy
17%
10 053Azerailles
15%
3 502Bertrichamps
15%
2 221Chenevières
15%
9 382Mont sur Meurthe
15%
5 113Einvaux
13%
2 500Fontenoy sur Moselle
13%
21 470Igney - Avricourt
13%
30 885Joeuf
13%
923Thiaville
13%
1 839Auboué
10%
4 803Audun le Roman
10%
25 483Homécourt
10%
1 567Ménil Flin
10%
1 705Hatrize
6%
5 797Valleroy - Moineville
6%

Distribution des résultats

Percentile par nombre de réponses

% des personnes avec chaque résultat

Votre développement - résultats

Vous n’avez pas pris ce quiz depuis la dernière actualisation